000 01573nam a2200313 i 4500
001 16852
003 DO-SdUEMH
005 20260217210730.0
007 ta
008 211105s2006||||ag a|||gr|||| 0|| |dspa d
020 _a9789500204224
040 _aDO-SdUEMH
_bspa
_erda
041 _aspa
082 1 4 _a572 B641Q 2006
_mCG
_bB641
084 _b13-00130
100 1 _aBlanco, Antonio
_eaut
245 _aQuímica biológica /
_cAntonio Blanco
250 _aOctava edición
260 _c2006
264 1 _aMadrid, España :
_bVerlap S.A.,
_c2006
264 4 _c©2006
300 _a636 páginas :
_bilustraciones ;
_c25 cm.
336 _2rdacontent
_atexto
_btxt
337 _2rdamedia
_asin mediación
_bn
338 _2rdacarrier
_avolumen
_bnc
505 2 _aTabla periódica de los elementos -- Composición química del organismo -- Agua -- Proteínas -- Hidratos de carbono -- Lípidos -- Ácidos nucleicos -- Elementos de termodinámica y cinética bioquímicas -- Enzimas -- Oxidaciones biológicas. Bioenergética -- Membranas -- Digestión. Absorción -- Metabolismo -- Metabolismo de hidratos de carbono -- Metabolismo de lípidos -- Metabolismo de aminoácidos -- Metabolismo del hemo -- Metabolismo de purinas y pirimidinas -- Regulación del metabolismo -- La información genética. Replicación y transcripción -- La información genética. Biosíntesis de proteínas -- Bases bioquímicas de la endocrinología -- Vitaminas -- Balance hidromineral -- Bioquímica de tejidos -- Bases moleculares de la inmunidad.
942 _2ddc
_cBK
_n0
999 _c16852
_d16852